000 00511nam a2200181Ia 4500
008 090711s9999 xx 000 0 und d
082 _b28667
100 _aओशो रजनीश
245 _aगीता दर्शन
260 _c1984
300 _a34
600 _aओशो रजनीश
630 _aगीता दर्शन
700 _aओशो रजनीश
700 _aपुंगलिया वंदना
730 _aगीता दर्शन
942 _cBOOK
999 _c285644
_d285644